Bustes de Monarques Britanniques - Statistiques

Statistiques générales
  • Ce quiz a été pris 8 fois
  • Le résultat moyen est 6 sur 16
Statistiques - réponses
Par images Réponse % Correct
Charles II
67%
George VI
67%
Victoria
67%
Anne
50%
Charles I
50%
George IV
50%
George V
50%
Edward VII
33%
Elizabeth II
33%
George
33%
George II
33%
George III
17%
James II
17%
William III
17%
Oliver Cromwell
0%
William IV
0%
Aucun quiz correspondant
Distribution des résultats
% des personnes avec chaque résultat
Percentile par nombre de réponses
Votre historique - résultats
Vous n’avez pas pris ce quiz